Impact of parents' parenting style on the career decision making skills of college students. (Record no. 367230)
[ view plain ]
| 000 -LEADER | |
|---|---|
| fixed length control field | 00829nam a22002057a 4500 |
| 003 - CONTROL NUMBER IDENTIFIER | |
| control field | 0 |
| 005 - DATE AND TIME OF LATEST TRANSACTION | |
| control field | 20250214172204.0 |
| 008 - FIXED-LENGTH DATA ELEMENTS--GENERAL INFORMATION | |
| fixed length control field | 250214b xxu||||| |||| 00| 0 eng d |
| 050 ## - LIBRARY OF CONGRESS CALL NUMBER | |
| Classification number | BF 637.C4 |
| Item number | .L33 2024 |
| 100 ## - MAIN ENTRY--PERSONAL NAME | |
| Personal name | Lacson, Regina Alyssa D. |
| 245 ## - TITLE STATEMENT | |
| Title | Impact of parents' parenting style on the career decision making skills of college students. |
| Statement of responsibility, etc | Regine Alyssa D. Lacson |
| 260 ## - PUBLICATION, DISTRIBUTION, ETC. (IMPRINT) | |
| Place of publication, distribution, etc | Las Pinas City |
| Name of publisher, distributor, etc | Southville International School and Colleges |
| Date of publication, distribution, etc | 2024 |
| 300 ## - PHYSICAL DESCRIPTION | |
| Extent | xi , 336 pages; |
| Dimensions | 28cm. |
| 500 ## - GENERAL NOTE | |
| General note | Bachelor of Science in Psychology |
| 504 ## - BIBLIOGRAPHY, ETC. NOTE | |
| Bibliography, etc | Includes bibliographical references and appendices. |
| 650 ## - SUBJECT ADDED ENTRY--TOPICAL TERM | |
| Topical term or geographic name as entry element | Parenting styles—Psychological aspects. |
| 650 ## - SUBJECT ADDED ENTRY--TOPICAL TERM | |
| Topical term or geographic name as entry element | Career decision-making—Parenting, Influence of. |
| 650 ## - SUBJECT ADDED ENTRY--TOPICAL TERM | |
| Topical term or geographic name as entry element | Educational psychology—Decision-making -- Adolescents. |
| 942 ## - ADDED ENTRY ELEMENTS (KOHA) | |
| Source of classification or shelving scheme | Library of Congress Classification |
| Koha item type | Theses |
| Withdrawn status | Lost status | Source of classification or shelving scheme | Damaged status | Home library | Current library | Shelving location | Date acquired | Source of acquisition | Sub Shelving location | Total Checkouts | Full call number | Barcode | Date last seen | Price effective from | Koha item type |
|---|---|---|---|---|---|---|---|---|---|---|---|---|---|---|---|
| Library of Congress Classification | College Library | College Library | Theses Section | 02/14/2025 | Donation | BF 637.C4 .L33 2024 | T1433 | 02/14/2025 | 02/14/2025 | Theses |